Lekári požadujú, aby sa dodržiaval Zákonník práce v mnohých nemocniciach sa podľa odborov porušujú jeho ustanovenia

Bibliographic Details
Main Author: Janík, Branislav (Author)
Format: Article
Language:Slovak
ISSN:1335-4477
Subjects:

MARC

LEADER 00000nab a2200000 a 4500
001 vtls009177617
003 SK-MaSNL
005 20260303052643.0
008 140303c2007 xo wrzp 0 0slo
015 |a SNBRB2008/01  |2 snkbucl 
040 |a SNKBUCL  |b slo  |c SNKBUCL  |e AACR2 
041 0 |a slo 
044 |a xo  |c SK 
080 |a 331.105.443:614.25  |x (437.6)  |2 2001 
080 |a 331.102.3:614.2  |2 2001 
100 1 |a Janík, Branislav  |4 aut  |9 838464 
245 1 0 |a Lekári požadujú, aby sa dodržiaval Zákonník práce  |b v mnohých nemocniciach sa podľa odborov porušujú jeho ustanovenia  |c Branislav Janík 
610 2 7 |a Lekárske odborové združenie (Slovensko)  |2 snkbucl  |9 1044055 
630 0 7 |a Zákonník práce  |x porušovanie  |2 snkbucl  |9 1044056 
650 0 7 |a lekári  |x pracovný čas  |2 snkbucl  |9 1044057 
773 0 |t Zdravotnícke noviny  |g Roč. XII, č. 36 (2007), s. 2  |x 1335-4477 
852 |a SNK  |b KIS3GCP 
958 |a MI 
958 |a SK 
999 |c 1716124  |d 1718054